| 000 | 00000cam 2200000zi 4500 |
| 001 | 9.558113 |
| 003 | CaOODSP |
| 005 | 20211014112538 |
| 007 | cr ||||||||||| |
| 008 | 150406s2002||||xxc|||||o f|0| 0 eng d |
| 020 | |a0-662-32007-7 |
| 040 | |aCaOODSP|beng |
| 043 | |an-cn--- |
| 086 | 1 |aMP32-28/01-2E-PDF|zMP32-28/01-2E-IN |
| 100 | 1 |aTremblay, Richard Ernest, |eauthor. |
| 245 | 10|aMulti-level effects on behaviour outcomes in Canadian children / |cby Richard E. Tremblay [et al.]. |
| 260 | |aHull, Quebec : |bHuman Resources Development Canada, |c2002. |
| 300 | |a1 online resource (90 pages) : |btables. |
| 336 | |atext|btxt|2rdacontent |
| 337 | |acomputer|bc|2rdamedia |
| 338 | |aonline resource|bcr|2rdacarrier |
| 490 | 1 |aWorking paper ; |vW-01-2E |
| 500 | |a"May 2001"--p.1 of 90. |
| 504 | |aIncludes bibliographical references. |
| 546 | |aRésumé en français. |
| 590 | |a12-16-Supp|b2012-04-17 |
| 690 | 07|aChild development|2gcpds |
| 690 | 07|aEnvironmental impact|2gcpds |
| 710 | 1 |aCanada.|bHuman Resources Development Canada. |bApplied Research Branch, |eissuing body. |
| 830 | #0|aWorking paper ;|vW-01-2E|w(CaOODSP)9.504477 |
| 856 | 40|ahttp://publications.gc.ca|qPDF|s288 KB|uhttps://publications.gc.ca/collections/collection_2012/rhdcc-hrsdc/MP32-28-01-2-eng.pdf|yW-01-2E |